Caribbean / Lesser Antilles Map Quiz - Statistics

General Stats
  • This quiz has been taken 145,671 times
    19,679 since last reset
  • The average score is 12 of 21
Answers on the Map
Answers color-coded by a green-red scale on the quiz's map according to % correct below.
 
Answer Stats
Answer % Correct
Trinidad and Tobago
85%
Barbados
73%
Antigua and Barbuda
70%
Saint Vincent and the Grenadines
70%
U.S. Virgin Islands
69%
British Virgin Islands
68%
Saint Lucia
67%
Aruba (Netherlands)
61%
Curaçao (Netherlands)
61%
Saint Kitts and Nevis
57%
Bonaire (Netherlands)
56%
Dominica
56%
Grenada
54%
Guadeloupe (France)
51%
Martinique (France)
51%
Montserrat (UK)
48%
Anguilla (UK)
42%
Saba (Netherlands)
42%
Saint Barthélemy (France)
40%
Sint Eustatius (Netherlands)
37%
Saint Martin (France/Netherlands)
34%
No matching quizzes found
Score Distribution
Percent of People with Each Score
Percentile by Number Answered
Your Score History
You have not taken this quiz since the last reset